000 00393nam a2200169Ia 4500
001 24956
005 20260414151118.0
008 260414t2022||||xx |||||||||||||| ||spa||
041 _aESP
082 _a346C5
_bG312 T. 10 2022
245 0 _aCódigo civil comentado
_b
260 _c2022
300 _a910 páginas :
_c25 cm.
650 _aDER
654 _aCDE
942 _cLIB
_dJUS
_fJUS
_2ddc
_n
999 _c24956
_d24956